| 000 | 00724ntaaa2200241 4500 | ||
|---|---|---|---|
| 003 | 01 | ||
| 005 | 20251027203222.0 | ||
| 008 | 0714s1973 ag 01 | ||
| 020 | _a9504362036 | ||
| 040 |
_aAR-BaBN _bspa _cAR-BaBN _eaacr _dRIC |
||
| 082 | _a920 B39h | ||
| 100 |
_aBedrossian, Eduardo _916595 |
||
| 245 |
_aHayrig II ("papá en armenio") : _bDestrás del silencio de un millón y medio de voces / _cEduardo Bedrossian |
||
| 250 | _a1ª ed. | ||
| 260 |
_aBuenos Aires : _bEduardo Bedrossian, _c1995 |
||
| 300 | _a355 p. | ||
| 650 |
_aHOLOCAUSTO ARMENIO _934258 |
||
| 650 |
_aHISTORIA ARMENIA _934259 |
||
| 650 | _aTESTIMONIO | ||
| 650 |
_aMEMORIA _94811 |
||
| 650 |
_aA 80 ANOS DE HOLOCAUSTO ARMENIO _934260 |
||
| 942 | _cBK | ||
| 999 |
_c27633 _d27633 |
||